5 najpopularniejszych religii świata - Statystyki

Ogólne statystyki
  • Ten quiz został rozwiązany 74 razy
  • Średni wynik to 3 z 5
Statystyki odpowiedzi
ludność
na świecie
Religia % Poprawnych
24,35% Islam
94%
7,13% Buddyzm
89%
33,43% Chrześcijaństwo
86%
13,78% Hinduizm
60%
0,36% Sikhizm
13%
Nie znaleziono quizów pasujących do podanych kryteriów
Rozkład punktacji
Procent ludzi z każdym wynikiem
Percentyl według liczby udzielonych odpowiedzi
Twoja historia wyników
Nie rozwiązałeś tego quizu